Datum a čas kvízu
12.5
Celkem bodů
Celkový počet nahraných bodů na tomto kvízu bez doplňovacích otázek.
12.
Pořadí na kvízu
Konečné umístění týmu na tomto kvízu.
Zaznamenané odpovědi
| # | Otázka | Odpověď | Body | Výsledky |
|---|---|---|---|---|
| 1. | Koncem týdne ovlivnila počasí... | Boris | 0 | |
| 2. | Na nedávno odhalené bronzové s... | Alžběta II., princ Filip | 0 | |
| 3. | Minulý týden jsme se dozvěděli... | Dominika Branišová | 0 | |
| 4. | Produkty jisté americké společ... | Avon | 1 | |
| 5. | Minulý týden se náš fotbal dos... | v Ústí nad Labem | 1 | |
| 6. | Může to být alergie, dieta, ne... | lněná | 1 | |
| 7. | Ve zdravých receptech se můžem... | z cukety | 0 | |
| 8. | Asi nepřekvapí, že ve stavu be... | tortilly | 0 | |
| 9. | Tento sirup, kterým lze sladit... | z čekanky | 1 | |
| 10. | Naprostým mistrem v nahrazován... | hořčici | 0 |